Entry Personal Name
Number of records used in: 1
001 - CONTROL NUMBER
003 - CONTROL NUMBER IDENTIFIER
005 - DATE AND TIME OF LATEST TRANSACTION
- control field:
20230904122429.0
008 - FIXED-LENGTH DATA ELEMENTS
- fixed length control field:
801017n| azannaabn |a aaa
010 ## - LIBRARY OF CONGRESS CONTROL NUMBER
- LC control number:
n 80131799
- Canceled/invalid LC control number:
n 2012050155
035 ## - SYSTEM CONTROL NUMBER
- System control number:
(OCoLC)oca00512159
035 ## - SYSTEM CONTROL NUMBER
- System control number:
(Uk)000586695
040 ## - CATALOGING SOURCE
- Original cataloging agency:
DLC
- Language of cataloging:
eng
- Description conventions:
rda
- Transcribing agency:
DLC
- Modifying agency:
DLC
- Modifying agency:
OCoLC
- Modifying agency:
DLC
- Modifying agency:
Uk
046 ## - SPECIAL CODED DATES
- Birth date:
1942-08-06
- Source of date scheme:
edtf
100 1# - HEADING--PERSONAL NAME
- Personal name:
Sloane, Peter J.
370 ## - ASSOCIATED PLACE
- Associated country:
Great Britain
- Other associated place:
Aberdeen (Scotland)
- Place of birth:
Nottingham (England)
- Source of term:
naf
372 ## - FIELD OF ACTIVITY
- Field of activity:
Economics
- Field of activity:
Industrial organization (Economic theory)
- Field of activity:
Labor economics
- Field of activity:
Labor market
- Source of term:
lcsh
373 ## - ASSOCIATED GROUP
- Associated group:
University of Aberdeen
- Associated group:
University of Nottingham
- Source of term:
naf
374 ## - OCCUPATION
- Occupation:
College teachers
- Source of term:
lcsh
375 ## - GENDER
377 ## - ASSOCIATED LANGUAGE
378 ## - FULLER FORM OF PERSONAL NAME
- Fuller form of personal name:
Peter James
400 1# - SEE FROM TRACING--PERSONAL NAME
- Control subfield:
nnaa
- Personal name:
Sloane, P. J.
400 1# - SEE FROM TRACING--PERSONAL NAME
- Personal name:
Sloane, P. J.
- Fuller form of name:
(Peter J.)
400 1# - SEE FROM TRACING--PERSONAL NAME
- Personal name:
Sloane, Peter,
- Dates associated with a name:
1942-
670 ## - SOURCE DATA FOUND
- Source citation:
His Changing patterns of working hours, 1975.
670 ## - SOURCE DATA FOUND
- Source citation:
His The earnings gap between men and women in Britain, 1981:
- Information found:
t.p. (P. J. Sloane) p. 1 (prof. Peter Sloane)
670 ## - SOURCE DATA FOUND
- Source citation:
Chiplin, B. Tackling discrimination at the work place, 1982:
- Information found:
CIP t.p. (Peter J. Sloane) CIP data sheet (b. 6/8/42)
670 ## - SOURCE DATA FOUND
- Source citation:
Low pay and earnings mobility in Europe, 1998:
- Information found:
CIP t.p. (Peter J. Sloane; Jaffrey prof. of polit. economy, v.p./dean, faculty of social sciences and law, Univ. of Aberdeen, UK) data sheet (b. 08-06-1942 [day/month date probably correct given American sequence of other eds. dob info.])
670 ## - SOURCE DATA FOUND
- Source citation:
OCLC database, Oct. 26, 2001:
- Information found:
(hdgs.: Sloane, Peter J., Sloane, Peter J. (Peter James), 1942- ; usage: Peter J. Sloane, Peter Sloane, P.J. Sloane)
670 ## - SOURCE DATA FOUND
- Source citation:
Modern labour economics, 2013:
- Information found:
eCIP t.p. (Peter Sloane)
670 ## - SOURCE DATA FOUND
- Source citation:
Handbook on the economics of professional football, 2014
- Information found:
t.p. (Peter Sloane, emeritus professor, Swansea University, UK, adjunct professor, Flinders University, Australia, research fellow, IZA, Bonn, Germany)
670 ## - SOURCE DATA FOUND
- Source citation:
Peter J. Sloane, CV, accessed via IZA website, Jan, 29, 2016
- Information found:
(worked at University of Aberdeen 1966-1969 and 1984-2002; author/co-author of many books including Sex discrimination in the labour market, Modern labour economics, The economics of sport, and Developing a taxonomy of skill mismatch)
670 ## - SOURCE DATA FOUND
- Source citation:
The universities' who's who, 1988
- Information found:
(Peter James Sloane, born 6.8.42; professor of political economy, University of Aberdeen since 1984; previously a lecturer in industrial economics at the University of Nottingham)